Impact of Modern Culture on Traditional Religions (Record no. 549)
[ view plain ]
| 000 -LEADER | |
|---|---|
| fixed length control field | 00779nam a2200241 a 4500 |
| 020 ## - INTERNATIONAL STANDARD BOOK NUMBER | |
| ISBN | |
| 082 00 - DEWEY DECIMAL CLASSIFICATION NUMBER | |
| Classification number | 200.9 |
| Author Cutter | INT |
| 245 ## - TITLE STATEMENT | |
| Title | Impact of Modern Culture on Traditional Religions |
| 260 ## - PUBLICATION, DISTRIBUTION, ETC. (IMPRINT) | |
| Place of publication | Leiden |
| Name of publisher | E. J. Brill |
| Year of publication | 1968 |
| 300 ## - PHYSICAL DESCRIPTION | |
| Number of Pages | 181p |
| 500 ## - GENERAL NOTE | |
| General note | includes index and biblioraphy |
| 505 2# - FORMATTED CONTENTS NOTE | |
| Formatted contents note | Bibliography |
| 505 2# - FORMATTED CONTENTS NOTE | |
| Formatted contents note | Bibliography00 |
| 650 ## - SUBJECT ADDED ENTRY--TOPICAL TERM | |
| Topical Term | Religion-Cultural Impact |
| 942 ## - ADDED ENTRY ELEMENTS (KOHA) | |
| Koha item type | Books |
| Home library | Current library | Date acquired | Cost, normal purchase price | Full call number | Accession Number | Koha item type |
|---|---|---|---|---|---|---|
| Henry Martyn Institute Library | Henry Martyn Institute Library | 0.00 | 200.9 INT | 03581 | E-Books | |
| Henry Martyn Institute Library | Henry Martyn Institute Library | 0.00 | 200.9 INT | 03582 | E-Books | |
| Henry Martyn Institute Library | Henry Martyn Institute Library | 0.00 | 200.9 INT | 03583 | E-Books |
